ARRUPE JESUIT UNIVERSITY

CORONAVIRUS -STOP THE SPREAD - CLEAN,DISINFECT,COVER

Index: (Record no. 124291)

MARC details
000 -LEADER
fixed length control field 00562nam a22001457a 4500
005 - DATE AND TIME OF LATEST TRANSACTION
control field 20160307081342.0
008 - FIXED-LENGTH DATA ELEMENTS--GENERAL INFORMATION
fixed length control field 160302b xxu||||| |||| 00| 0 eng d
050 ## - LIBRARY OF CONGRESS CALL NUMBER
Classification number BX1855.C3I38
100 ## - MAIN ENTRY--PERSONAL NAME
Personal name Congregation For Catholic Education
9 (RLIN) 22682
245 ## - TITLE STATEMENT
Title Index:
Remainder of title universitates et alia instituta studiorum superiorum ecclesiae catholicae
Statement of responsibility, etc by Congregation For Catholic Education
260 ## - PUBLICATION, DISTRIBUTION, ETC. (IMPRINT)
Place of publication, distribution, etc Rome
Name of publisher, distributor, etc Congregation For Catholic Education
Date of publication, distribution, etc 2005
300 ## - PHYSICAL DESCRIPTION
Extent 463p.;
Dimensions 25cm.
650 ## - SUBJECT ADDED ENTRY--TOPICAL TERM
Topical term or geographic name as entry element Catholic Church
General subdivision Education
-- Dictionary
9 (RLIN) 22683
942 ## - ADDED ENTRY ELEMENTS (KOHA)
Source of classification or shelving scheme Library of Congress Classification
Item type Monograph ( Printed materials)
Holdings
Withdrawn status Lost status Source of classification or shelving scheme Damaged status Not for loan Collection code Home library Current library Shelving location Date acquired Total Checkouts Full call number Barcode Date last seen Price effective from Koha item type
    Library of Congress Classification     Main Collection ARRUPE LIBRARY ARRUPE LIBRARY Main Collection 02/03/2016   BX1855.C3I38 46500006723 22/11/2017 02/03/2016 Monograph ( Printed materials)

 

Arrupe Library. PO Box MP320 Mt Pleasant, Harare, Zimbabwe
263 242 745411|librarian@aju.ac.zw